|
|
|
|
| LEADER |
01142nam a2200241 a 4500 |
| 003 |
GR-PaULI |
| 005 |
20180118130329.0 |
| 008 |
030610s2003 ne f b 001 0 eng d |
| 020 |
|
|
|a 1402075197
|
| 020 |
|
|
|a 9781402075193
|
| 040 |
|
|
|a DLC
|b gre
|c DLC
|d DLC
|d DLC
|e AACR2
|
| 082 |
0 |
4 |
|a 332.632 2
|2 23
|
| 100 |
1 |
|
|a Hol, Eugenie M. J. H.
|9 166683
|e συγγραφέας
|
| 245 |
1 |
0 |
|a Empirical studies on volatility in international stock markets /
|c by Eugenie M.J.H. Hol.
|
| 260 |
|
|
|a Dordrecht ;
|a Boston :
|b Kluwer Academic,
|c c2003.
|
| 300 |
|
|
|a xiv, 160 σ. :
|b σχ ;
|c 25 εκ.
|
| 504 |
|
|
|a Περιλαμβάνει βιβλιογραφικές παραπομπές (σ. 151-157) και ευρετήριο.
|
| 650 |
|
4 |
|a Μετοχές
|x Τιμές
|x Μαθηματικά μοντέλα
|9 76861
|
| 650 |
|
4 |
|a Χρεώγραφα
|x Τιμές
|x Μαθηματικά μοντέλα.
|9 166688
|
| 942 |
|
|
|2 ddc
|c BK15
|
| 952 |
|
|
|0 0
|1 0
|2 ddc
|4 0
|6 332_632000000000000_2_HOL
|7 0
|9 219073
|a LISA
|b LISA
|c BSC
|d 2018-01-18
|i 8341
|l 0
|o 332.632 2 HOL
|p 026000279276
|r 2018-01-18 00:00:00
|t 1
|w 2018-01-18
|y BK15
|
| 998 |
|
|
|c ΛΟΥΚΟΠΟΥΛΟΥ
|d 2018-01
|
| 999 |
|
|
|c 132588
|d 132588
|